বাংলাদেশের খ্যাতনামা আরবীবিদ: (Record no. 29058)

MARC details
000 -LEADER
fixed length control field 00897nam a22001937a 4500
003 - CONTROL NUMBER IDENTIFIER
control field BDDh-ASL
005 - DATE AND TIME OF LATEST TRANSACTION
control field 20231015031007.0
008 - FIXED-LENGTH DATA ELEMENTS--GENERAL INFORMATION
fixed length control field 220814s1986 b ||||| |||| 00| 0 b d
040 ## - CATALOGING SOURCE
Transcribing agency BDDh-ASL
082 ## - DEWEY DECIMAL CLASSIFICATION NUMBER
Classification number 922.97
Item number ABB
100 1# - MAIN ENTRY--PERSONAL NAME
9 (RLIN) 6401
Personal name আবদুল্লাহ, মুহাম্মদ
Titles and words associated with a name ডঃ
245 10 - TITLE STATEMENT
Title বাংলাদেশের খ্যাতনামা আরবীবিদ:
Remainder of title ১৮০১-১৯৭১ /
246 ## - VARYING FORM OF TITLE
Title proper/short title Bangladesher Kheyatonama Aarabibid: 1801-1971.
260 ## - PUBLICATION, DISTRIBUTION, ETC.
Place of publication, distribution, etc. ঢাকা:
Name of publisher, distributor, etc. ইসলামিক ফাউন্ডেশন বাংলাদেশ,
Date of publication, distribution, etc. ১৯৮৬।
300 ## - PHYSICAL DESCRIPTION
Extent ২৯৭ পৃষ্ঠা,
Dimensions ২২ সে.মি.
504 ## - BIBLIOGRAPHY, ETC. NOTE
Bibliography, etc. note গ্রন্থপঞ্জি ও নির্ঘণ্ট সংযুক্ত ।
650 #0 - SUBJECT ADDED ENTRY--TOPICAL TERM
9 (RLIN) 6408
Topical term or geographic name entry element Arabic scholar (আরবিবিদ)
General subdivision Arabic (আরবি)
942 ## - ADDED ENTRY ELEMENTS (KOHA)
Source of classification or shelving scheme Dewey Decimal Classification
Koha item type Books
Holdings
Withdrawn status Lost status Source of classification or shelving scheme Damaged status Not for loan Collection code Home library Current library Shelving location Date acquired Source of acquisition Total Checkouts Full call number Barcode Date last seen Copy number Price effective from Koha item type
    Dewey Decimal Classification     Non-fiction Asiatic Society Library Asiatic Society Library General Stacks 08/14/2022 ASB Library Collection   922.97 ABB 117215 08/14/2022 C-1 08/14/2022 Books

Powered by Koha